• 首页
  • 本馆介绍
  • 公告通知
  • 最新文献
  • 馆藏检索
  • 电子资源
  • 读者导购
  • 参考咨询
  • 我的图书馆
  • 登录
  • 详细信息显示
  • 放入我的书架
  • 预约/预借图书
  • 作者相关作品
  • 分类相关作品
  • 丛书相关作品
  • 出版社相关作品

书目信息

  • 表格格式
  • 工作单格式
  • 卡片格式
题名:
中国教育装备行业蓝皮书
    
 
作者: 王富 主编 ;中国教育装备行业协会 编
分册: 2021版  
出版信息: 北京   知识产权出版社有限责任公司  2022.01
页数: 279页
开本: 26cm
丛书名:
单 册:
中图分类: G484
科图分类:
主题词: 教学设备--研究报告--中国--2021
电子资源:
ISBN: 978-7-5130-7940-2
000 01372nam0 2200265 450
001 012001001230
005 20141202130226.0
010    @a978-7-5130-7940-2@dCNY139.00
100    @a20220905d2022 em y0chiy50 ea
101 0  @achi
102    @aCN@b110000
105    @aa z 000yy
106    @ar
200 1  @a中国教育装备行业蓝皮书@Azhong guo jiao yu zhuang bei hang ye lan pi shu@h2021版@f中国教育装备行业协会编
210    @a北京@c知识产权出版社有限责任公司@d2022.01
215    @a279页@c图@d26cm
304    @a英文共同题名:Blue book annual report on China's educational equipment industry
314    @a主编取自编委会名单
330    @a本书分为发展报告和专题报告两大板块。发展报告将学前教育、基础教育、职业教育、高等教育4个层级的相关内容整合为1篇全景式报告的形式,聚焦我国教育装备行业整体发展情况,通过对行业相关数据的解读和政策法规环境的分析,对行业发展的年度宏观环境、政策法规导向、重要事件等相关内容进行记录与解析,并提出发现与观点。专题报告则侧重通过多样化视角对行业的不同领域和最新趋势予以立体呈现。在选题层面进一步体现“优中选优”的编撰理念,精选了涵盖教育装备管理工作、行业重点领域和热点议题的24篇研究报告。
606 0  @a教学设备@x研究报告@y中国@z2021
690    @aG484@v5
701  0 @a王富@Awang fu@4主编
712 02 @a中国教育装备行业协会@Azhong guo jiao yu zhuang bei hang ye xie hui@4编
801  0 @aCN@bAHXH@c20221111
905    @b1370701-5@dG484@e14@f5
    
    中国教育装备行业蓝皮书.2021版/中国教育装备行业协会编.-北京:知识产权出版社有限责任公司,2022.01
    279页:图;26cm
    
    
    ISBN 978-7-5130-7940-2:CNY139.00
    本书分为发展报告和专题报告两大板块。发展报告将学前教育、基础教育、职业教育、高等教育4个层级的相关内容整合为1篇全景式报告的形式,聚焦我国教育装备行业整体发展情况,通过对行业相关数据的解读和政策法规环境的分析,对行业发展的年度宏观环境、政策法规导向、重要事件等相关内容进行记录与解析,并提出发现与观点。专题报告则侧重通过多样化视角对行业的不同领域和最新趋势予以立体呈现。在选题层面进一步体现“优中选优”的编撰理念,精选了涵盖教育装备管理工作、行业重点领域和热点议题的24篇研究报告。
●
相关链接 在E读中查询图书 在五车中查询图书 在当当中查询图书 在豆瓣中查询图书


正题名:中国教育装备行业蓝皮书     索取号:G484/14         预约/预借

序号 登录号 条形码 馆藏地/架位号 状态 备注
1 1370701   213707014   第一样本阅览室/ [索取号:G484/14] 在馆    
2 1370702   213707023   教育系资料室/ [索取号:G484/14] 在馆    
3 1370703   213707032   教育系资料室/ [索取号:G484/14] 在馆    
4 1370704   213707041   第四借阅区/ [索取号:G484/14] 在馆    
5 1370705   213707050   第四借阅区/ [索取号:G484/14] 在馆    
唐山师范学院图书馆 欢迎您!
大连网信软件有限公司© 版权所有